000 00176 a2200085 4500
020 _a9788415492603
100 _aDimitris Kottas
245 _aLandscape: 1000 Ideas
260 _c2013
999 _c13588
_d13588